000 00536nam a2200181Ia 4500
005 20250326140809.0
008 250326s9999 xx 000 0 und d
037 _aTextbook
040 _aFMSL
_beng
_cFMSL
041 _aeng
_2eng
084 _aX:8D.1 N9
_qFMSL
100 _aBuljevich E C
_9743079
245 0 _aProject ficing and the international ficial markets
_cBuljevich E C; Park Y S
260 _aBoston
_bBoston, Kluwer Academic
_c1999
300 _a302p
942 _cTB
_hX:8D.1 N9
999 _c1287333
_d1287333